| 000 | 00611nam a2200217 a 4500 | ||
|---|---|---|---|
| 999 |
_c9111 _d9111 |
||
| 001 | 9111 | ||
| 003 | BD-JhCC | ||
| 005 | 20180524104005.0 | ||
| 008 | 171024s1973 IND |||| ||a| 000 0 eng d | ||
| 035 | _a(BD-JhCC)9111 | ||
| 040 |
_aBD-JhCC _dBD-JhCC |
||
| 041 | _aeng | ||
| 082 |
_a954 _bAUG 1973 |
||
| 100 | _aAugustus, Frederick | ||
| 245 |
_aThe Emperor Akbar : _ba contribution towards the history of India in the 16th Century / _c Frederick Augustus |
||
| 260 |
_aIndia : _bPrinted in India, _c1973. |
||
| 300 |
_a454 p. : _c21 cm. |
||
| 650 |
_aMagul Empire _zIndia |
||
| 942 |
_2ddc _cBK |
||